The classification of countable homogeneous directed graphs and countable homogeneous n-tournaments
Αποθηκεύτηκε σε:
| Κύριος συγγραφέας: | |
|---|---|
| Μορφή: | Βιβλίο |
| Γλώσσα: | English |
| Δημοσίευση: |
Providence, Rhode island :
American Mathematical Society,
c1998
|
| Σειρά: | Memoirs of the American Mathematical Society ;
; 621 |
| Θέματα: | |
| Ετικέτες: |
Προσθήκη ετικέτας
Δεν υπάρχουν, Καταχωρήστε ετικέτα πρώτοι!
|
MARC
| LEADER | 00000nam a2200000 i 4500 | ||
|---|---|---|---|
| 001 | 1/91043 | ||
| 008 | 991012s1998 eng d | ||
| 020 | |a 0821808362 | ||
| 035 | |l 10053395 | ||
| 040 | |a GR-MY-UA |b gre |e aacr | ||
| 041 | 0 | |a eng | |
| 082 | 0 | |a 511.5 | |
| 100 | 1 | |a Cherlin, Gregory L. |d 1948- | |
| 245 | 1 | 4 | |a The classification of countable homogeneous directed graphs and countable homogeneous n-tournaments / |c Gregory L. Cherlin |
| 260 | |a Providence, Rhode island : |b American Mathematical Society, |c c1998 | ||
| 300 | |a xiii, 161 p.; |b ill.; |c 26 cm. | ||
| 490 | 1 | |a Memoirs of the American Mathematical Society |v ; 621 | |
| 500 | |a Includes bibliographical references and indexes | ||
| 500 | |a Volume 131, number 621 (first of 4 numbers) | ||
| 650 | 0 | 0 | |a Directed graphs. |
| 650 | 0 | 0 | |a Tournaments (Graph theory) |
| 650 | 0 | 0 | |a Model theory. |
| 650 | 0 | 0 | |a Ramsey theory. |
| 650 | 0 | 0 | |a Permutation groups. |
| 830 | 0 | |a Memoirs of the American Mathematical Society ; |v ; 621 | |
| 852 | |a INST |b SAMOS |e 19991012 |h 511.5 CHE |p 005300012352 |q 005300012352 |t BK |y 0 | ||
| 901 | |a BIBL3-1999-3 | ||
| 909 | |a Σ |b 063423 | ||
| 922 | |a 3ΕΛΗ |b 199907 |c ΕΠΕΑΕΚ/ΜΑΘ |d ΠΑΠΑΣΩΤΗΡΙΟΥ | ||
| 970 | |a ΓΕΝΟΥΖΟΥ |b ΧΡΥΣΑΝΘΗ |z 1999/10/12 | ||